[Event "Cto por Equipos de Aragon Division de Ho"]
[Site "?"]
[Date "2026.01.31"]
[Round "2.19"]
[White "Felez Casedas, Carlos"]
[Black "Gimenez Martinez, Alberto"]
[Result "0-1"]
[WhiteElo "1967"]
[BlackElo "2103"]
[PlyCount "92"]
[GameId "2276814096537326"]
[EventDate "2026.01.24"]
[WhiteTeam "L'Aurora Estadilla M64"]
[BlackTeam "Agrupacion"]

1. Nf3 d5 2. b3 Nf6 3. e3 h6 4. Bb2 Bf5 5. Ne5 Nbd7 6. Bd3 Bxd3 7. cxd3 Nxe5 8. Bxe5 e6 9. Nc3 c6 10. O-O Nd7 11. Bg3 Be7 12. d4 O-O 13. Rc1 Rc8 14. Na4 Qa5 15. Rc2 Ba3 16. Qe2 Rfd8 17. Nc3 a6 18. Nb1 Be7 19. Rfc1 g6 20. h3 Kg7 21. f4 f5 22. Be1 Qb6 23. d3 Rg8 24. Qd2 g5 25. fxg5 Bxg5 26. Qe2 Kh7 27. Nd2 Rg7 28. Nf3 Bf6 29. Bc3 Rcg8 30. Qf1 Qc7 31. Be1 Qd6 32. Kh1 Bd8 33. Qg1 Qf8 34. Ne5 Nxe5 35. dxe5 Qf7 36. Rf2 Qh5 37. Qh2 Bh4 38. Rfc2 Bg3 39. Bxg3 Rxg3 40. Re1 Qg5 41. Rce2 Qg7 42. d4 Qg5 43. a3 Qh4 44. Rf1 Qe4 45. Rf4 Qb1+ 46. Qg1 Rxh3+ 0-1

[Event "Cto por Equipos de Aragon Division de Ho"]
[Site "?"]
[Date "2026.01.31"]
[Round "2.20"]
[White "Roque Sola, Gisela"]
[Black "Pellicer Cemeli, Jose Luis"]
[Result "1-0"]
[WhiteElo "2085"]
[BlackElo "1931"]
[PlyCount "117"]
[GameId "2276814096545519"]
[EventDate "2026.01.24"]
[WhiteTeam "Agrupacion"]
[BlackTeam "L'Aurora Estadilla M64"]

1. c4 c5 2. Nc3 Nc6 3. Nf3 g6 4. g3 Bg7 5. Bg2 Nf6 6. O-O O-O 7. a3 d5 8. cxd5 Nxd5 9. Ne4 b6 10. d3 Bb7 11. Rb1 Qd7 12. Bd2 Nd4 13. Re1 Nxf3+ 14. Bxf3 Rad8 15. Qb3 Bc6 16. Rbc1 Ba4 17. Qa2 h6 18. b4 cxb4 19. axb4 Bb5 20. Qb3 Ba4 21. Qa3 Rc8 22. Rxc8 Rxc8 23. Rc1 Rxc1+ 24. Qxc1 Kh7 25. Qc4 Kg8 26. Qxd5 Qxd5 27. Nf6+ Bxf6 28. Bxd5 Kg7 29. Bc4 Bd7 30. b5 Be5 31. f4 Bd6 32. Kf2 h5 33. Bc3+ Kf8 34. e4 h4 35. d4 hxg3+ 36. hxg3 e6 37. Kf3 f5 38. e5 Ba3 39. g4 Ke7 40. Be1 Bb2 41. Bh4+ Ke8 42. gxf5 gxf5 43. Bf2 Ba3 44. Ke2 Bf8 45. Kd3 Bh6 46. Bg3 Bf8 47. Kc3 Ba3 48. Be2 Kd8 49. Kc4 Kc7 50. d5 Kb7 51. Bf3 Kc7 52. dxe6 Bxe6+ 53. Bd5 Bd7 54. Bh4 Be8 55. Bg5 Bc5 56. Bh6 Ba3 57. Be6 Bd7 58. Bxd7 Kxd7 59. Kd5 1-0

[Event "Cto por Equipos de Aragon Division de Ho"]
[Site "?"]
[Date "2026.01.31"]
[Round "2.21"]
[White "Garza Marco, Sergio"]
[Black "Romero Pallares, Daniel"]
[Result "1-0"]
[WhiteElo "2381"]
[BlackElo "2257"]
[PlyCount "79"]
[GameId "2276814096553712"]
[EventDate "2026.01.24"]
[WhiteTeam "Helios"]
[BlackTeam "Palacio De Pioneros"]

1. d4 Nf6 2. c4 g6 3. Nc3 Bg7 4. e4 d6 5. Be2 O-O 6. Be3 a5 7. h3 e5 8. d5 Na6 9. Nf3 Nc5 10. Nd2 Ne8 11. g4 f5 12. gxf5 gxf5 13. Rg1 Qh4 14. Qc2 fxe4 15. Ndxe4 Bf5 16. Bg4 Bg6 17. Bxc5 dxc5 18. Qe2 Nd6 19. Nxc5 e4 20. Ne6 Bh6 21. Nd1 e3 22. Nxe3 Kh8 23. Rg3 Rxf2 24. Qxf2 Ne4 25. Qf3 Nxg3 26. Ng2 Qe7 27. Qxg3 Bg7 28. Kf1 Qb4 29. Be2 Qxb2 30. Rd1 Be5 31. Qe3 Rg8 32. Qd2 Be4 33. Ne1 Qb6 34. c5 Qb4 35. Qxb4 axb4 36. Nf3 Bg3 37. Nfg5 Bg6 38. d6 cxd6 39. cxd6 h6 40. d7 1-0

[Event "Cto por Equipos de Aragon Division de Ho"]
[Site "?"]
[Date "2026.01.31"]
[Round "2.22"]
[White "Dan, Teodor"]
[Black "Torcal Miguel, Oscar"]
[Result "1-0"]
[WhiteElo "2086"]
[BlackElo "2133"]
[PlyCount "123"]
[GameId "2276814096561905"]
[EventDate "2026.01.24"]
[WhiteTeam "Palacio De Pioneros"]
[BlackTeam "Helios"]

1. Nf3 Nf6 2. g3 g6 3. Bg2 Bg7 4. O-O O-O 5. d4 d6 6. c4 Nc6 7. Nc3 e5 8. h3 h6 9. Be3 Bd7 10. dxe5 dxe5 11. Qb3 Re8 12. Rfd1 Qc8 13. Kh2 Na5 14. Qb4 Nc6 15. Qb3 Na5 16. Qb4 Nc6 17. Qa3 g5 18. Nd5 Nxd5 19. cxd5 Nd4 20. Nxd4 exd4 21. Bxd4 Bxd4 22. Rxd4 Rxe2 23. Bf3 Rxf2+ 24. Kg1 Rc2 25. Bd1 c5 26. Bxc2 cxd4 27. Qd3 f5 28. g4 Qe8 29. Qxd4 fxg4 30. Bb3 Qe2 31. Rf1 g3 32. d6+ Be6 33. Bxe6+ Qxe6 34. Rf6 Qe1+ 35. Kg2 Qe2+ 36. Kxg3 Qe1+ 37. Kf3 Qf1+ 38. Kg4 Qg2+ 39. Kh5 Qxh3+ 40. Kg6 Qd7 41. Qd5+ Kh8 42. Rf7 Rg8+ 43. Kf6 Qg4 44. d7 Qf4+ 45. Ke7 Qe3+ 46. Kd6 Qb6+ 47. Ke5 Qe3+ 48. Qe4 Qc5+ 49. Ke6 Qb6+ 50. Ke7 Qd8+ 51. Kd6 Qb6+ 52. Kd5 Qa5+ 53. Kd4 Qb6+ 54. Kc3 Qc5+ 55. Kd3 Qb5+ 56. Qc4 Qxb2 57. Qd4+ Qxd4+ 58. Kxd4 g4 59. Re7 Rd8 60. Re8+ Kh7 61. Rxd8 g3 62. Ke3 1-0

[Event "Cto por Equipos de Aragon Division de Ho"]
[Site "?"]
[Date "2026.01.31"]
[Round "2.23"]
[White "Cerrajeria Ruiz, Jesus Maria"]
[Black "Lacruz Algarate, Alvaro"]
[Result "1/2-1/2"]
[WhiteElo "2096"]
[BlackElo "2095"]
[PlyCount "132"]
[GameId "2276814096566002"]
[EventDate "2026.01.24"]
[WhiteTeam "Helios"]
[BlackTeam "Palacio De Pioneros"]

1. Nf3 Nf6 2. g3 b5 3. Bg2 Bb7 4. O-O e6 5. d3 Be7 6. Nbd2 O-O 7. a4 b4 8. e4 d6 9. Re1 c5 10. e5 dxe5 11. Nxe5 Bxg2 12. Kxg2 Qc7 13. Qf3 Nd5 14. Ndc4 Bf6 15. Ng4 Bd4 16. Be3 Nc6 17. h4 f5 18. Nh2 f4 19. Bxd4 Nxd4 20. Qd1 fxg3 21. fxg3 Rf5 22. Qd2 b3 23. cxb3 Raf8 24. Qd1 Rf2+ 25. Kh3 Nf4+ 26. gxf4 Qxf4 27. Rh1 Nf3 28. Ng4 Ng5+ 29. hxg5 Rf3+ 30. Qxf3 Qxf3+ 31. Kh4 Rf4 32. Nce5 Qf2+ 33. Kh3 Qxb2 34. Rab1 Qd4 35. Rhf1 Rf5 36. Rbe1 Rxg5 37. Re4 Qd5 38. Ref4 h5 39. Kh4 Rf5 40. Ng6 Rxf4 41. Rxf4 Qg2 42. Kxh5 Qh1+ 43. Kg5 Qd5+ 44. N4e5 Qg2+ 45. Kh5 Qh3+ 46. Kg5 Qg2+ 47. Ng4 Qd5+ 48. N4e5 Qg2+ 49. Rg4 Qh2 50. Rh4 Qg2+ 51. Rg4 Qd2+ 52. Nf4 Qh2 53. Rh4 Qg1+ 54. Ng4 Qd4 55. Kg6 Qxf4 56. Nh6+ Qxh6+ 57. Rxh6 gxh6 58. Kxh6 Kf7 59. Kg5 a5 60. Kf4 Ke7 61. Ke5 Kd7 62. Kf4 Kd6 63. Ke4 e5 64. Kf3 Kd5 65. Ke3 Kd6 66. Kf3 Kd5 1/2-1/2

[Event "Cto por Equipos de Aragon Division de Ho"]
[Site "?"]
[Date "2026.01.31"]
[Round "2.24"]
[White "Zambrana Petisme, Ramiro"]
[Black "Lacamara Pasamar, Miguel"]
[Result "0-1"]
[WhiteElo "2077"]
[BlackElo "2070"]
[PlyCount "64"]
[GameId "2276814096574195"]
[EventDate "2026.01.24"]
[WhiteTeam "Palacio De Pioneros"]
[BlackTeam "Helios"]

1. e4 c5 2. Nf3 e6 3. d4 cxd4 4. Nxd4 a6 5. Be2 Nf6 6. Nc3 Bb4 7. e5 Nd5 8. Bd2 Bxc3 9. bxc3 b5 10. c4 bxc4 11. Bxc4 Qc7 12. Qe2 Bb7 13. Rb1 O-O 14. O-O Nc6 15. Nf3 Nce7 16. Bd3 Ng6 17. g3 f5 18. Rb3 Rab8 19. Rfb1 Ba8 20. Bxa6 Rxb3 21. Rxb3 f4 22. c4 Nde7 23. g4 Qa7 24. Bb5 Qxa2 25. Rd3 Nc6 26. Rxd7 Qb3 27. Rd3 Qb1+ 28. Qf1 Qc2 29. Rc3 Ncxe5 30. Nxe5 Qxd2 31. Rd3 Nxe5 32. Rxd2 Nf3+ 0-1

[Event "Cto por Equipos de Aragon Division de Ho"]
[Site "?"]
[Date "2026.01.31"]
[Round "2.29"]
[White "Malo Guillen, Jose Luis"]
[Black "Ramiro Ovejero, Juan Luis"]
[Result "0-1"]
[WhiteElo "2097"]
[BlackElo "2334"]
[PlyCount "52"]
[GameId "2276814096606968"]
[EventDate "2026.01.24"]
[WhiteTeam "Las Fuentes"]
[BlackTeam "Maristas"]

1. d4 Nf6 2. c4 e6 3. Nf3 Bb4+ 4. Bd2 a5 5. g3 d6 6. Bg2 Nbd7 7. O-O e5 8. Qc2 O-O 9. Bg5 exd4 10. Nxd4 h6 11. Bf4 a4 12. Rd1 Re8 13. Nc3 Nb6 14. Nd5 Nbxd5 15. cxd5 Bc5 16. h3 Nh5 17. Bc1 Qf6 18. e3 Bd7 19. b4 Bb6 20. Bb2 a3 21. Bc3 Nxg3 22. fxg3 Rxe3 23. Kh2 Qe5 24. Be1 Bxd4 25. Rxd4 Qxd4 26. Rd1 Qe5 0-1

[Event "Cto por Equipos de Aragon Division de Ho"]
[Site "?"]
[Date "2026.01.31"]
[Round "2.30"]
[White "Ramo Frontinan, Cristobal"]
[Black "Alonso Blasco, Jose Miguel"]
[Result "1/2-1/2"]
[WhiteElo "2246"]
[BlackElo "1903"]
[PlyCount "86"]
[GameId "2276814096615161"]
[EventDate "2026.01.24"]
[WhiteTeam "Maristas"]
[BlackTeam "Las Fuentes"]

1. e4 c6 2. d3 d5 3. Nd2 Qc7 4. Ngf3 Bg4 5. h3 Bxf3 6. Qxf3 e6 7. g3 Nd7 8. Bg2 Ngf6 9. O-O Bd6 10. d4 dxe4 11. Nxe4 Nxe4 12. Qxe4 Nf6 13. Qe2 O-O 14. c4 Rfe8 15. Bg5 Be7 16. Rad1 h6 17. Bd2 Qb6 18. Be3 Qa5 19. Qc2 Rac8 20. Bd2 Bb4 21. Bf4 Bf8 22. Rfe1 Red8 23. Bd2 Bb4 24. Re5 b5 25. Bxb4 Qxb4 26. a3 Qxc4 27. Qxc4 bxc4 28. Rc5 Rd6 29. f4 Nd5 30. Kf2 Rb8 31. Rd2 Nb6 32. Rxc6 Rbd8 33. Rxd6 Rxd6 34. Bf1 Kf8 35. Rc2 Rxd4 36. Ke3 Rd1 37. Bxc4 Rh1 38. h4 Ke7 39. Bd3 Nd5+ 40. Kf3 Re1 41. Kf2 Rh1 42. Be4 Rh2+ 43. Kf3 Rxc2 1/2-1/2

[Event "Cto por Equipos de Aragon Division de Ho"]
[Site "?"]
[Date "2026.01.31"]
[Round "2.31"]
[White "Javierre Conesa, Alfonso"]
[Black "Newrkla, Katharina"]
[Result "0-1"]
[WhiteElo "1898"]
[BlackElo "2231"]
[PlyCount "92"]
[GameId "2276814096619258"]
[EventDate "2026.01.24"]
[WhiteTeam "Las Fuentes"]
[BlackTeam "Maristas"]

1. d4 Nf6 2. Nf3 g6 3. c4 Bg7 4. Nc3 O-O 5. g3 d6 6. Bg2 c5 7. dxc5 dxc5 8. Ne5 Qd4 9. Qxd4 cxd4 10. Nb5 Nbd7 11. Nxd7 Nxd7 12. O-O a6 13. Na3 Nc5 14. Rd1 Bg4 15. f3 Bf5 16. g4 Be6 17. Rb1 Na4 18. Bd2 h5 19. h3 Rab8 20. Bf4 Rbc8 21. Rdc1 d3 22. b3 Nc3 23. Rxc3 Bxc3 24. exd3 Rfd8 25. Bf1 Bd7 26. Be3 Bc6 27. Kg2 f5 28. g5 e5 29. Nc2 b5 30. c5 b4 31. h4 a5 32. Kf2 f4 33. Bc1 Bd7 34. Bb2 Bxb2 35. Rxb2 Bf5 36. Ne1 Rxc5 37. Rd2 a4 38. bxa4 Ra8 39. d4 exd4 40. Rxd4 Rxa4 41. Rxf4 Rxa2+ 42. Kg1 Ra1 43. Kf2 b3 44. Rb4 Rcc1 45. Bc4+ Rxc4 46. Rxc4 b2 0-1

[Event "Cto por Equipos de Aragon Division de Ho"]
[Site "?"]
[Date "2026.01.31"]
[Round "2.32"]
[White "Campo Millan, Diego"]
[Black "Pascual Sese, Lucas"]
[Result "1-0"]
[WhiteElo "2034"]
[BlackElo "1838"]
[PlyCount "39"]
[GameId "2276814096627451"]
[EventDate "2026.01.24"]
[WhiteTeam "Maristas"]
[BlackTeam "Las Fuentes"]

1. Nf3 d5 2. d4 Nf6 3. e3 c6 4. Bd3 Bg4 5. c4 e6 6. O-O Bd6 7. Nbd2 Nbd7 8. Qc2 Rc8 9. b3 e5 10. dxe5 Nxe5 11. Nxe5 Bxe5 12. Rb1 O-O 13. h3 Bh5 14. f4 Bc7 15. g4 Bxg4 16. hxg4 Nxg4 17. Nf3 h6 18. Bf5 h5 19. Ng5 d4 20. Bxg4 1-0

[Event "Cto por Equipos de Aragon  Preferente I "]
[Site "?"]
[Date "2026.01.31"]
[Round "2.33"]
[White "Dolz Barea, Guillermo"]
[Black "Chueca Lorente, Javier"]
[Result "0-1"]
[WhiteElo "1901"]
[BlackElo "2163"]
[PlyCount "94"]
[GameId "2276814096635644"]
[EventDate "2026.01.24"]
[WhiteTeam "Iberajedrez Mundo 64 C"]
[BlackTeam "MyInvestor Casablanca C"]

1. d4 d5 2. Nf3 c6 3. Bf4 Qb6 4. Qc1 Bf5 5. e3 Nf6 6. c4 e6 7. c5 Qd8 8. Nc3 Nbd7 9. b4 Nh5 10. Bg3 g5 11. Qd1 Nxg3 12. hxg3 Bg7 13. Bd3 Qf6 14. Bxf5 Qxf5 15. Qb1 a5 16. Qxf5 exf5 17. Rb1 axb4 18. Rxb4 Nxc5 19. O-O b5 20. Nxd5 Na6 21. Nxg5 h6 22. Nf3 Nxb4 23. Nxb4 Kd7 24. Rb1 Ra4 25. Nh4 Rha8 26. Nxf5 Bf8 27. Nd3 Rxa2 28. Ne5+ Kc7 29. d5 Ra1 30. Rf1 cxd5 31. Nd4 f6 32. Nd3 Kb6 33. Nb3 Rxf1+ 34. Kxf1 Ra3 35. Nbc1 b4 36. Ke2 Kb5 37. Kd2 Ka4 38. Kc2 h5 39. Kb2 Bd6 40. Kc2 Be5 41. Nc5+ Kb5 42. N5b3 Bc3 43. f3 f5 44. f4 Kc4 45. Nd3 Rxb3 46. Ne5+ Bxe5 47. fxe5 Rxe3 0-1

[Event "Cto por Equipos de Aragon  Preferente I "]
[Site "?"]
[Date "2026.01.31"]
[Round "2.34"]
[White "Miranda Herrera, Belen"]
[Black "Anadon Moreno, Mario"]
[Result "1/2-1/2"]
[WhiteElo "2039"]
[BlackElo "1901"]
[PlyCount "68"]
[GameId "2276814096643837"]
[EventDate "2026.01.24"]
[WhiteTeam "MyInvestor Casablanca C"]
[BlackTeam "Iberajedrez Mundo 64 C"]

1. e4 c5 2. Nf3 d6 3. d4 Nf6 4. Nc3 cxd4 5. Nxd4 a6 6. Bc4 e6 7. a4 Be7 8. O-O b6 9. f4 Qc7 10. Qe2 Nc6 11. Be3 O-O 12. Nf3 Nxe4 13. Nxe4 d5 14. Bd3 dxe4 15. Bxe4 Rb8 16. Ng5 h6 17. Nf3 Nb4 18. c3 Nd5 19. Bxd5 exd5 20. Rad1 Bb7 21. Nd4 Rfe8 22. Qg4 Bf6 23. Rf3 Bc8 24. Qh5 g6 25. Qxh6 Bg4 26. Rdf1 Bxf3 27. Rxf3 Rxe3 28. Rxe3 Bxd4 29. cxd4 Qc1+ 30. Kf2 Qxb2+ 31. Kf3 Qxd4 32. Qg5 Rc8 33. f5 Qd1+ 34. Kg3 Qc2 1/2-1/2

[Event "Cto por Equipos de Aragon  Preferente I "]
[Site "?"]
[Date "2026.01.31"]
[Round "2.35"]
[White "Gordo Escalada, Fernando"]
[Black "Cebollada Pacheco, Jesus Raul"]
[Result "1/2-1/2"]
[WhiteElo "1798"]
[BlackElo "1990"]
[PlyCount "91"]
[GameId "2276814096647934"]
[EventDate "2026.01.24"]
[WhiteTeam "Iberajedrez Mundo 64 C"]
[BlackTeam "MyInvestor Casablanca C"]

1. e4 e5 2. Nf3 Nf6 3. Nxe5 d6 4. Nf3 Nxe4 5. d4 d5 6. Bd3 Be7 7. O-O O-O 8. Re1 f5 9. c4 c6 10. Qb3 Kh8 11. cxd5 cxd5 12. Nc3 Nxc3 13. bxc3 Nc6 14. Bf4 Na5 15. Qc2 Nc4 16. Bxc4 dxc4 17. Qe2 Bf6 18. Qxc4 Bd7 19. Ne5 Bxe5 20. Bxe5 Bc6 21. f3 Rc8 22. Qb4 Bd5 23. Bd6 Re8 24. Rxe8+ Qxe8 25. Be5 Qg6 26. Kf2 Qg5 27. Qb2 h5 28. a3 h4 29. Qc1 Qh5 30. Qe3 Kg8 31. Bxg7 Kxg7 32. Qe5+ Kh6 33. Qxd5 Rxc3 34. Re1 Qg5 35. Qe6+ Qg6 36. Qe5 Rc2+ 37. Re2 Rxe2+ 38. Qxe2 Qd6 39. Qd2+ Kg6 40. d5 Qxh2 41. d6 h3 42. Qd5 Qxg2+ 43. Ke3 Qg1+ 44. Ke2 Qg2+ 45. Ke3 Qg1+ 46. Ke2 1/2-1/2

[Event "Cto por Equipos de Aragon  Preferente I "]
[Site "?"]
[Date "2026.01.31"]
[Round "2.36"]
[White "Alvarez Gonzalo, Miguel Angel"]
[Black "Lopez Micone, Ezequiel"]
[Result "1-0"]
[WhiteElo "1849"]
[BlackElo "1778"]
[PlyCount "51"]
[GameId "2276814096656127"]
[EventDate "2026.01.24"]
[WhiteTeam "MyInvestor Casablanca C"]
[BlackTeam "Iberajedrez Mundo 64 C"]

1. c4 Nf6 2. g3 e6 3. Bg2 d5 4. d4 c6 5. Nc3 Be7 6. Nf3 Nbd7 7. cxd5 exd5 8. O-O O-O 9. a4 b6 10. Re1 Re8 11. e4 dxe4 12. Nxe4 Nxe4 13. Rxe4 Nf6 14. Re1 Nd5 15. Ne5 Qc7 16. Qf3 Be6 17. Bd2 Rac8 18. Rac1 f6 19. Rxc6 Qd8 20. Rxe6 Nb4 21. Nc6 Nxc6 22. Rxc6 Rxc6 23. Qxc6 Kf8 24. Bc3 h5 25. Bd5 h4 26. Qe6 1-0

[Event "Cto por Equipos de Aragon  Preferente I "]
[Site "?"]
[Date "2026.01.31"]
[Round "2.37"]
[White "Hernando Garcia, Antonio"]
[Black "Carraminana Lopez, Luis Antonio"]
[Result "1-0"]
[WhiteElo "2056"]
[BlackElo "1913"]
[PlyCount "95"]
[GameId "2276814096664320"]
[EventDate "2026.01.24"]
[WhiteTeam "El Olivar B"]
[BlackTeam "Helios B"]

1. c4 e5 2. g3 c6 3. d4 e4 4. d5 Bb4+ 5. Bd2 Qe7 6. e3 Nf6 7. Nc3 O-O 8. Bg2 Na6 9. Nge2 cxd5 10. Nxd5 Nxd5 11. cxd5 d6 12. Nc3 Bf5 13. O-O Nc5 14. Ne2 a5 15. Bxb4 axb4 16. Qd2 Qe5 17. Qxb4 Nd3 18. Qd4 Nxb2 19. Qxe5 dxe5 20. Nc3 Nc4 21. Bxe4 Bd7 22. Bd3 Ra3 23. Bxc4 Rxc3 24. Bb3 Bh3 25. Rfc1 Rfc8 26. Rxc3 Rxc3 27. e4 Kf8 28. Bd1 Rd3 29. Be2 Rd4 30. f3 Rd2 31. Kf2 Bd7 32. a4 Rb2 33. Ke3 b6 34. Ra3 Ke7 35. h4 Kd6 36. Bb5 Bxb5 37. axb5 Ke7 38. f4 Rxb5 39. fxe5 Rb1 40. Ra7+ Ke8 41. d6 b5 42. e6 fxe6 43. Kf4 Rg1 44. Rxg7 h5 45. Ke5 Kf8 46. Rb7 Rxg3 47. Rb8+ Kf7 48. d7 1-0

[Event "Cto por Equipos de Aragon  Preferente I "]
[Site "?"]
[Date "2026.01.31"]
[Round "2.38"]
[White "Anson Casaos, Alejandro"]
[Black "Veras Sanz, Marino"]
[Result "1/2-1/2"]
[WhiteElo "1874"]
[BlackElo "1996"]
[PlyCount "110"]
[GameId "2276814096668417"]
[EventDate "2026.01.24"]
[WhiteTeam "Helios B"]
[BlackTeam "El Olivar B"]

1. e4 c5 2. Nf3 d6 3. c3 Nf6 4. Be2 Nc6 5. d3 e5 6. Nbd2 d5 7. exd5 Qxd5 8. O-O Bf5 9. Nc4 Qe6 10. Ng5 Qd7 11. f4 exf4 12. Bxf4 Be7 13. Qe1 O-O 14. Rd1 h6 15. Ne4 Bxe4 16. dxe4 Qe6 17. e5 Nd5 18. Bc1 Rad8 19. Bf3 Nc7 20. Qe2 b5 21. Na3 Nxe5 22. Bf4 Bf6 23. Rde1 Rfe8 24. Bg3 b4 25. cxb4 cxb4 26. Nc2 Nxf3+ 27. Qxf3 Qc4 28. Rc1 Ne6 29. b3 Qb5 30. Rce1 Ng5 31. Rxe8+ Rxe8 32. Qf5 Qxf5 33. Rxf5 Bc3 34. Rb5 Re2 35. Nxb4 Bxb4 36. Rxb4 Rxa2 37. Rc4 Ne6 38. Bd6 a6 39. b4 Kh7 40. h3 Kg6 41. Be5 Ra4 42. Bd6 h5 43. Rc1 Nd4 44. Rb1 Ra2 45. Rd1 Nf5 46. Bc5 h4 47. Rc1 Ng3 48. Rc4 Ra1+ 49. Kf2 f5 50. Rxh4 Ne4+ 51. Ke3 Nxc5 52. bxc5 Ra3+ 53. Kf2 Rc3 54. Ra4 Rxc5 55. Rxa6+ Kg5 1/2-1/2

[Event "Cto por Equipos de Aragon  Preferente I "]
[Site "?"]
[Date "2026.01.31"]
[Round "2.39"]
[White "Jaso Escudero, Julen"]
[Black "Gonzalez Azuara, Javier"]
[Result "1-0"]
[WhiteElo "1918"]
[BlackElo "1783"]
[PlyCount "51"]
[GameId "2276814096676610"]
[EventDate "2026.01.24"]
[WhiteTeam "El Olivar B"]
[BlackTeam "Helios B"]

1. c4 c6 2. d4 d5 3. cxd5 cxd5 4. Bf4 e6 5. Nc3 Nf6 6. e3 Bb4 7. Bd3 Qa5 8. Nge2 O-O 9. O-O a6 10. Rc1 h6 11. a3 Be7 12. Qa4 Nc6 13. Qxa5 Nxa5 14. Na4 Bd8 15. Rc2 Nc4 16. Rfc1 Nh5 17. Bxc4 Nxf4 18. Nxf4 dxc4 19. Rxc4 Bd7 20. Nc5 Bb5 21. R4c3 b6 22. Ne4 f5 23. Nd6 Bd7 24. Ng6 Rf6 25. Ne5 Bb5 26. Rc8 1-0

[Event "Cto por Equipos de Aragon  Preferente I "]
[Site "?"]
[Date "2026.01.31"]
[Round "2.40"]
[White "Moreno Burillo, Maria"]
[Black "Sisas Mainar, Izan"]
[Result "0-1"]
[WhiteElo "1763"]
[BlackElo "1866"]
[PlyCount "52"]
[GameId "2276814096684803"]
[EventDate "2026.01.24"]
[WhiteTeam "Helios B"]
[BlackTeam "El Olivar B"]

1. e4 c5 2. Nf3 Nc6 3. d4 cxd4 4. Nxd4 e5 5. Nb5 d6 6. c4 g6 7. N1c3 a6 8. Na3 Bg7 9. Nc2 Nf6 10. Be2 Be6 11. Be3 O-O 12. O-O Rc8 13. b4 Ne7 14. Na3 b5 15. Rc1 bxc4 16. f3 d5 17. exd5 Nfxd5 18. Nxd5 Nxd5 19. Bc5 Bh6 20. Nxc4 Bxc1 21. Qxc1 Nf4 22. Re1 Nxe2+ 23. Rxe2 Qd3 24. Rc2 Bxc4 25. Rxc4 Rfd8 26. Rc3 Qe2 0-1

[Event "Cto por Equipos de Aragon  Preferente I "]
[Site "?"]
[Date "2026.01.31"]
[Round "2.41"]
[White "Rubiella Moreno, Oscar"]
[Black "Palomar Ramon, Santiago"]
[Result "0-1"]
[WhiteElo "1988"]
[BlackElo "1903"]
[PlyCount "106"]
[GameId "2276814096688900"]
[EventDate "2026.01.24"]
[WhiteTeam "Enroque de Barbastro"]
[BlackTeam "San Jose"]

1. d4 Nf6 2. c4 c6 3. Nf3 d5 4. e3 Bf5 5. Bd3 Bxd3 6. Qxd3 dxc4 7. Qxc4 Qd5 8. Qc2 Nbd7 9. O-O Ne4 10. Nc3 Nxc3 11. bxc3 e6 12. c4 Qa5 13. Rb1 Qc7 14. e4 Be7 15. e5 O-O 16. Bg5 f6 17. Bh4 Rae8 18. exf6 gxf6 19. Bg3 Qc8 20. Rfe1 Bd8 21. c5 Rf7 22. Qb3 Nf8 23. Re2 b5 24. Nd2 f5 25. Bd6 Be7 26. Bxe7 Rexe7 27. Nf3 Ng6 28. g3 Qd7 29. Rbe1 Rf6 30. Ne5 Qd5 31. Qxd5 exd5 32. f4 Rb7 33. Nxg6 hxg6 34. Re8+ Kf7 35. Rc8 a5 36. Ree8 Kg7 37. Rg8+ Kh7 38. Rh8+ Kg7 39. Rcg8+ Kf7 40. Ra8 Kg7 41. Rhg8+ Kh7 42. Rge8 a4 43. Kg2 Rff7 44. Kh3 Ra7 45. Rh8+ Kg7 46. Rag8+ Kf6 47. Rc8 Rac7 48. Rcd8 b4 49. Rd6+ Kg7 50. Rb8 Rb7 51. Rxb7 Rxb7 52. Rxc6 b3 53. axb3 axb3 0-1

[Event "Cto por Equipos de Aragon  Preferente I "]
[Site "?"]
[Date "2026.01.31"]
[Round "2.42"]
[White "Baldellou Vicente, Roberto"]
[Black "Campo Pelegrin, Ramon"]
[Result "1-0"]
[WhiteElo "1893"]
[BlackElo "1886"]
[PlyCount "41"]
[GameId "2276814096697093"]
[EventDate "2026.01.24"]
[WhiteTeam "San Jose"]
[BlackTeam "Enroque de Barbastro"]

1. e4 e5 2. Nf3 Nc6 3. Nc3 Bc5 4. Nxe5 Bxf2+ 5. Kxf2 Nxe5 6. d4 Ng6 7. Bc4 d6 8. Rf1 Be6 9. Bxe6 fxe6 10. Kg1 Nf6 11. Bg5 e5 12. Bxf6 gxf6 13. Nd5 O-O 14. Ne3 c6 15. Nf5 d5 16. h4 Kh8 17. Qg4 Rg8 18. Nh6 Rg7 19. Qe6 Qd7 20. Qxf6 Rf8 21. Qxf8+ 1-0

[Event "Cto por Equipos de Aragon  Preferente I "]
[Site "?"]
[Date "2026.01.31"]
[Round "2.43"]
[White "Miret Munoz, Cesar"]
[Black "Obon Zuniga, Francisco"]
[Result "0-1"]
[WhiteElo "1700"]
[BlackElo "1832"]
[PlyCount "106"]
[GameId "2276814096705286"]
[EventDate "2026.01.24"]
[WhiteTeam "Enroque de Barbastro"]
[BlackTeam "San Jose"]

1. d4 e6 2. Nf3 f5 3. Nbd2 Nf6 4. e3 b6 5. Bd3 Bb7 6. Qe2 Ne4 7. Ne5 Qh4 8. Bxe4 fxe4 9. g3 Qh3 10. Qg4 Qxg4 11. Nxg4 Nc6 12. c3 h5 13. Ne5 Nxe5 14. dxe5 g6 15. O-O Bg7 16. f4 exf3 17. Nxf3 Bxf3 18. Rxf3 Bxe5 19. Bd2 O-O-O 20. Raf1 g5 21. e4 Rhg8 22. Rf7 d5 23. exd5 Rxd5 24. Rf8+ Rd8 25. Rxd8+ Kxd8 26. Re1 Bd6 27. Rxe6 Kd7 28. Rf6 a5 29. Rf5 Be7 30. Kf1 Ke6 31. Rb5 Rf8+ 32. Ke2 Rf5 33. Rxf5 Kxf5 34. h3 g4 35. hxg4+ Kxg4 36. Bf4 c6 37. Ke3 Bc5+ 38. Ke2 h4 39. Kf1 hxg3 40. Bc7 Kf3 41. Bxg3 Kxg3 42. Ke2 Kf4 43. Kd3 Ke5 44. Kc4 Be3 45. a4 Kd6 46. b4 axb4 47. cxb4 Bd2 48. b5 c5 49. Kd3 Ba5 50. Kc4 Ke5 51. Kb3 Kd4 52. Kb2 Kc4 53. Ka3 Be1 0-1

[Event "Cto por Equipos de Aragon  Preferente I "]
[Site "?"]
[Date "2026.01.31"]
[Round "2.44"]
[White "Tarela Perez, Jose Gerardo"]
[Black "Sanclemente Aragues, Angel"]
[Result "0-1"]
[WhiteElo "1816"]
[BlackElo "1689"]
[PlyCount "64"]
[GameId "2276814096709383"]
[EventDate "2026.01.24"]
[WhiteTeam "San Jose"]
[BlackTeam "Enroque de Barbastro"]

1. e4 d5 2. exd5 Qxd5 3. Nc3 Qa5 4. d4 c6 5. Nf3 Nf6 6. Bd3 Bg4 7. h3 Qh5 8. Be2 Bxf3 9. Bxf3 Qa5 10. O-O e6 11. Bf4 Nbd7 12. a3 Nd5 $2 13. Nxd5 cxd5 14. Re1 Nf6 $6 15. Qd3 $2 Be7 $2 16. Re2 $2 O-O 17. Rae1 b5 18. g4 Rad8 19. g5 Ne8 20. Bg4 Bd6 21. Be5 $2 Nc7 22. f4 Qb6 23. f5 $2 exf5 24. Bxf5 g6 25. Bf6 $4 gxf5 26. Qxf5 Rde8 27. Qd7 Rxe2 28. Rxe2 Ne6 $2 29. Kh1 Qc7 30. Qxb5 Nf4 31. c3 Nxe2 32. Qxe2 Qc4 0-1

[Event "Cto por Equipos de Aragon  Preferente I "]
[Site "?"]
[Date "2026.01.31"]
[Round "2.45"]
[White "Rebolledo Cuesta, Francisco Javier"]
[Black "Juberias Segura, Santiago"]
[Result "1/2-1/2"]
[WhiteElo "1975"]
[BlackElo "1942"]
[PlyCount "41"]
[GameId "2276814096717576"]
[EventDate "2026.01.24"]
[WhiteTeam "Jaque - Aramovil B"]
[BlackTeam "Utebo San Lamberto"]

1. Nf3 Nf6 2. g3 g6 3. b3 Bg7 4. Bb2 d6 5. d4 O-O 6. Bg2 Nbd7 7. O-O c5 8. c4 Rb8 9. dxc5 Nxc5 10. Nc3 a6 11. b4 Ne6 12. Rb1 Bd7 13. Nd5 Nxd5 14. cxd5 Nc7 15. Bxg7 Kxg7 16. Qd2 Ne8 17. Rfc1 Nf6 18. Nd4 Rc8 19. h4 Qb6 20. Qb2 Kg8 21. Bf3 1/2-1/2